Les atomes

Uloženo v:
Podrobná bibliografie
Hlavní autor: Perrin, Jean (Autor)
Médium: Kniha
Jazyk:francouzština
Vydáno: París Gallimard 1970
Edice:Idées NRF
Témata:
Tagy: Přidat tag
Žádné tagy, Buďte první, kdo vytvoří štítek k tomuto záznamu!

MARC

LEADER 00000nam a2200000 a 4500
001 UCT3025
003 CL-VaPUC
008 961018e19700000fr |||||||||||||||||fre|d
082 0 4 |a 539.14  |b PER  |2 21 
100 0 |a Perrin, Jean  |e author  |9 372021 
245 1 4 |a Les atomes 
300 |a 319 p 
942 |c BK 
945 |d 19961018 00:00:00  |a cmena 
260 |a París  |b Gallimard  |c 1970 
650 0 |a Átomos  |9 259583 
650 0 |a Moléculas   |9 259584 
650 0 |a partículas elementales  |9 349874 
650 7 |a FISICA NUCLEAR  |2 CL-VaPUC  |9 270366 
650 7 |a PROPIEDADES ATOMICAS  |2 CL-VaPUC  |9 360510 
650 7 |a REACCIONES NUCLEARES  |2 CL-VaPUC  |9 370148 
650 7 |a TEORIA ATOMICA  |2 CL-VaPUC  |9 313933 
583 |a last modification  |c 20171011 02:22:19  |k Rodrigo Vera 
490 0 |a Idées NRF 
999 |c 252867  |d 252865 
952 |0 0  |1 0  |4 0  |6 539_140000000000000_PER_1970  |7 0  |8 A  |9 272993  |a BIBCUR  |b BIBCUR  |d 2019-11-19  |i 1768603  |o 539.14 PER 1970  |p 1768603  |r 2025-04-22  |w 2019-11-19  |y BK  |k BCB